Gaming Quiz

Random Gaming or Soccer Quiz

Best FIFA 14 Players: Serie A Quiz Stats

 Plays Quiz not verified by Sporcle

Challenge
Share
Tweet
Embed
Score 0/61 Timer 10:00
0 Plays Today
Club Player % Correct
JuventusGianluigi Buffon
96.4%
JuventusAndrea Pirlo
90.4%
JuventusGiorgio Chiellini
88.3%
JuventusCarlos Tévez
86.8%
UdineseAntonio di Natale
84.5%
FiorentinaMario Gomez
82.9%
JuventusArturo Vidal
82.1%
AC MilanMario Balotelli
81.2%
NapoliGonzalo Higuaín
76%
JuventusAndrea Barzagli
73.1%
JuventusClaudio Marchisio
72%
NapoliMarek Hamšik
71%
RomaDaniele de Rossi
67.9%
RomaFrancesco Totti
66.2%
LazioMiroslav Klose
63.3%
Inter MilanSamir Handanovič
63.3%
JuventusFernando Llorente
56.2%
FiorentinaGiuseppe Rossi
53%
AC MilanRiccardo Montolivo
52.4%
AC MilanStephan El Shaarawy
49.1%
LazioHernanes
48.4%
LazioFederico Marchetti
45.5%
NapoliJosé Reina
44.5%
JuventusMirko Vučinić
42%
Inter MilanDiego Milito
40.7%
Inter MilanRodrigo Palacio
40.5%
AC MilanKaká
40.3%
JuventusKwadwo Asamoah
39%
AC MilanChristian Abbiati
38.8%
JuventusAngelo Ogbonna
38.6%
RomaMedhi Benatia
37%
Club Player % Correct
BolognaAlessandro Diamanti
36.9%
AC MilanPhilippe Mexès
36.9%
LazioAntonio Candreva
34.7%
NapoliGökhan Inler
33.6%
ParmaAntonio Cassano
33.2%
FiorentinaJuan Cuadrado
33.2%
FiorentinaBorja Valero
31.9%
TorinoAlessio Cerci
31.7%
RomaMorgan de Sanctis
30.7%
Inter MilanFreddy Guarín
29.2%
Inter MilanWalter Samuel
29%
NapoliRaúl Albiol
28.6%
JuventusFabio Quagliarella
28%
JuventusMartín Cáceres
28%
NapoliDries Mertens
26.3%
UdineseLuis Muriel
26.1%
ParmaJonathan Biabiany
24%
AtalantaGermán Denis
23%
AC MilanGiampaolo Pazzini
22.8%
Inter MilanHugo Campagnaro
22.6%
FiorentinaAlberto Aquilani
20.2%
CagliaryRadja Nainggolan
17.9%
FiorentinaGonzalo Rodríguez
16.1%
FiorentinaJoaquín
15.9%
FiorentinaDavid Pizarro
13.2%
AtalantaAndrea Consigli
10.7%
LazioCristian Ledesma
10.7%
UdineseDanilo
9.2%
UdineseMaurizio Domizzi
8.1%
BolognaNicolás Spolli
3.8%

You're not logged in!

Compare scores with friends on all Sporcle quizzes.
OR
Log In

You Might Also Like...

Show Comments

Extras

Top Quizzes Today


Score Distribution

Your Account Isn't Verified!

In order to create a playlist on Sporcle, you need to verify the email address you used during registration. Go to your Sporcle Settings to finish the process.

Report this User

Report this user for behavior that violates our Community Guidelines.

Details: